Normal view
MARC view
Entry Personal Name
001 - CONTROL NUMBER
- control field: 3467
003 - CONTROL NUMBER IDENTIFIER
- control field: BD-RjUL
005 - DATE AND TIME OF LATEST TRANSACTION
- control field: 20220606163852.0
008 - FIXED-LENGTH DATA ELEMENTS
- fixed length control field: 220606|| aca||aabn | a|a d
040 ## - CATALOGING SOURCE
- Original cataloging agency: BD-RjUL
- Transcribing agency: BD-RjUL
100 ## - HEADING--PERSONAL NAME
- Personal name: صدقي, نجاتي sidqi, najati
670 ## - SOURCE DATA FOUND
- Source citation: Work cat.: (BD-RjUL)79929: فيدام، فولديمار،[-fidam, fuldimar],- ١٩١٢ 3463, رحلة ايرما : اعظم مغامرة بحرية في طلب الحرية [rihlat ayirma : aezam mughamaratan bihriatan fi talab alhuriya] /, 1952